[Event "VI Sunway Sitges Open 2019"]
[Site "Sitges"]
[Date "2019.12.16"]
[Round "4.23"]
[White "Raja Harshit"]
[Black "Erigaisi Arjun"]
[Result "0-1"]
[WhiteElo "2447"]
[BlackElo "2544"]
[Annotator "ChessBase"]
[PlyCount "134"]
[EventDate "2019.12.13"]
[EventType "swiss"]
[EventCountry "ESP"]
[SourceTitle "playchess.com"]
[Source "ChessBase"]
[SourceQuality "1"]
[TimeControl "40/5400+30:1800+30"]

1. e4 {[%emt 0:00:00]} c5 {[%emt 0:00:00]} 2. Nf3 {[%emt 0:00:00]} Nc6 {[%emt 0:00:00]} 3. Bb5 {[%emt 0:02:48]} g6 {[%emt 0:00:00]} 4. Bxc6 {[%emt 0:00:24]} dxc6 {[%emt 0:00:00]} 5. d3 {[%emt 0:00:40]} Bg7 {[%emt 0:00:09]} 6. h3 {[%emt 0:00:31]} Nf6 {[%emt 0:00:08]} 7. Nc3 {[%emt 0:01:04]} Nd7 {[%emt 0:00:31]} 8. Be3 {[%emt 0:00:57]} e5 {[%emt 0:00:16]} 9. O-O {[%emt 0:04:04]} b6 {[%emt 0:02:03]} 10. Qd2 {[%emt 0:01:04]} h6 {[%emt 0:00:08]} 11. Nh2 {[%emt 0:00:47]} Nf8 {[%emt 0:02:51]} 12. f4 {[%emt 0:03:24]} exf4 {[%emt 0:01:38]} 13. Bxf4 {[%emt 0:00:05]} Ne6 {[%emt 0:00:42]} 14. Be3 {[%emt 0:00:24]} Nd4 {[%emt 0:03:24]} 15. Nd1 {[%emt 0:02:34]} Be6 {[%emt 0:05:39]} 16. c3 {[%emt 0:03:30]} Nb5 {[%emt 0:01:11]} 17. Nf2 {[%emt 0:00:08]} Qd7 {[%emt 0:06:01]} 18. a4 {[%emt 0:06:18]} Nd6 {[%emt 0:01:34]} 19. a5 {[%emt 0:15:09]} Rd8 {[%emt 0:28:06]} 20. Nf3 {[%emt 0:12:57]} f5 {[%emt 0:06:17]} 21. axb6 {[%emt 0:04:38]} axb6 {[%emt 0:00:43]} 22. Bf4 {[%emt 0:05:47]} g5 {[%emt 0:14:47]} 23. Bxd6 {[%emt 0:21:26]} Qxd6 {[%emt 0:00:11]} 24. exf5 {[%emt 0:00:15]} Bxf5 {[%emt 0:00:06]} 25. Rae1+ {[%emt 0:02:16]} Kd7 {[%emt 0:01:07]} 26. Ne4 {[%emt 0:04:52]} Qg6 {[%emt 0:03:14]} 27. Qf2 {[%emt 0:02:39]} Bxe4 {[%emt 0:10:05]} 28. dxe4 {[%emt 0:01:00]} Qe6 {[%emt 0:01:46]} 29. Nxg5 {[%emt 0:01:57]} hxg5 {[%emt 0:00:07]} 30. Qf7+ {[%emt 0:00:10]} Qe7 {[%emt 0:00:12]} 31. Rd1+ {[%emt 0:01:40]} Bd4+ {[%emt 0:00:06]} 32. cxd4 {[%emt 0:00:49]} Qxf7 {[%emt 0:00:08]} 33. Rxf7+ {[%emt 0:00:02]} Ke6 {[%emt 0:00:06]} 34. Rc7 {[%emt 0:00:57]} Rxd4 {[%emt 0:00:10]} 35. Rxc6+ {[%emt 0:00:24]} Ke5 {[%emt 0:00:06]} 36. Rf1 {[%emt 0:01:21]} Rb4 {[%emt 0:00:28]} 37. Rf2 {[%emt 0:00:31]} Rg8 {[%emt 0:02:50]} 38. Rcf6 {[%emt 0:00:55]} Kxe4 {[%emt 0:00:38]} 39. Rd2 {[%emt 0:00:28]} g4 {[%emt 0:01:41]} 40. hxg4 {[%emt 0:00:00]} Rxg4 {[%emt 0:00:00]} 41. Re6+ {[%emt 0:03:34]} Kf5 {[%emt 0:00:54]} 42. Re3 {[%emt 0:00:16]} Rge4 {[%emt 0:01:00]} 43. Kf2 {[%emt 0:01:51]} Rxe3 {[%emt 0:00:49]} 44. Kxe3 {[%emt 0:00:22]} Rb3+ {[%emt 0:00:05]} 45. Ke2 {[%emt 0:00:26]} Ke4 {[%emt 0:00:35]} 46. Kd1 {[%emt 0:01:56]} b5 {[%emt 0:00:48]} 47. Kc2 {[%emt 0:01:42]} c4 {[%emt 0:00:50]} 48. Rd8 {[%emt 0:10:34]} Rg3 {[%emt 0:00:22]} 49. Rb8 {[%emt 0:06:28]} Rxg2+ {[%emt 0:00:37]} 50. Kb1 {[%emt 0:01:08]} Rg5 {[%emt 0:00:14]} 51. b3 {[%emt 0:03:31]} Kd3 {[%emt 0:00:37]} 52. bxc4 {[%emt 0:00:52]} Rg1+ {[%emt 0:00:24]} 53. Kb2 {[%emt 0:00:37]} Rg2+ {[%emt 0:00:06]} 54. Kb1 {[%emt 0:01:47]} bxc4 {[%emt 0:00:06]} 55. Rh8 {[%emt 0:02:38]} Rg1+ {[%emt 0:01:27]} 56. Ka2 {[%emt 0:00:03]} Rd1 {[%emt 0:00:10]} 57. Rh3+ {[%emt 0:00:55]} Kc2 {[%emt 0:01:29]} 58. Rh4 {[%emt 0:00:51]} Kc3 {[%emt 0:00:44]} 59. Rh3+ {[%emt 0:00:18]} Rd3 {[%emt 0:00:08]} 60. Rh4 {[%emt 0:00:34]} Rd2+ {[%emt 0:00:50]} 61. Ka3 {[%emt 0:00:10]} Rd3 {[%emt 0:00:51]} 62. Ka2 {[%emt 0:00:12]} Rd4 {[%emt 0:00:09]} 63. Rh3+ {[%emt 0:00:31]} Kc2 {[%emt 0:00:45]} 64. Rh2+ {[%emt 0:00:06]} Rd2 {[%emt 0:00:04]} 65. Rh4 {[%emt 0:00:17]} Kc1+ {[%emt 0:01:01]} 66. Ka3 {[%emt 0:01:35]} c3 {[%emt 0:00:33]} 67. Rh1+ {[%emt 0:00:41]} Rd1 {[%emt 0:00:51]} 0-1

[Event "VI Sunway Sitges Open 2019"]
[Site "Sitges"]
[Date "2019.12.16"]
[Round "4.24"]
[White "Moradiabadi, Elshan"]
[Black "Kiremitciyan, Ari"]
[Result "1-0"]
[WhiteElo "2539"]
[BlackElo "2270"]
[Annotator "ChessBase"]
[PlyCount "93"]
[EventDate "2019.12.13"]
[EventType "swiss"]
[EventCountry "ESP"]
[SourceTitle "playchess.com"]
[Source "ChessBase"]
[SourceQuality "1"]
[TimeControl "40/5400+30:1800+30"]

1. c4 {[%emt 0:01:23]} c6 {[%emt 0:04:02]} 2. g3 {[%emt 0:02:08]} d5 {[%emt 0:01:05]} 3. Bg2 {[%emt 0:00:05]} Nf6 {[%emt 0:01:10]} 4. Nf3 {[%emt 0:00:05]} e6 {[%emt 0:01:15]} 5. b3 {[%emt 0:01:48]} Be7 {[%emt 0:02:41]} 6. O-O {[%emt 0:01:51]} O-O {[%emt 0:00:18]} 7. Bb2 {[%emt 0:00:12]} b6 {[%emt 0:02:27]} 8. e3 {[%emt 0:00:28]} Bb7 {[%emt 0:00:39]} 9. Qe2 {[%emt 0:00:01]} c5 {[%emt 0:10:05]} 10. Rd1 {[%emt 0:01:13]} Na6 {[%emt 0:02:24]} 11. d3 {[%emt 0:04:03]} Nc7 {[%emt 0:10:24]} 12. Nc3 {[%emt 0:00:30]} Bd6 {[%emt 0:05:06]} 13. Nh4 {[%emt 0:05:18]} Re8 {[%emt 0:04:27]} 14. Rac1 {[%emt 0:02:09]} e5 {[%emt 0:14:57]} 15. cxd5 {[%emt 0:05:09]} Ncxd5 {[%emt 0:00:57]} 16. Ne4 {[%emt 0:00:01]} Rb8 {[%emt 0:06:23]} 17. Nxd6 {[%emt 0:02:55]} Qxd6 {[%emt 0:00:01]} 18. Nf5 {[%emt 0:05:18]} Qd8 {[%emt 0:03:28]} 19. a3 {[%emt 0:05:12]} a5 {[%emt 0:05:59]} 20. h3 {[%emt 0:13:12]} Re6 {[%emt 0:10:36]} 21. Qc2 {[%emt 0:08:12]} h6 {[%emt 0:00:00]} 22. e4 {[%emt 0:02:17]} Ne7 {[%emt 0:00:00]} 23. f4 {[%emt 0:11:42]} exf4 {[%emt 0:07:17]} 24. Nxe7+ {[%emt 0:00:00]} Qxe7 {[%emt 0:00:14]} 25. gxf4 {[%emt 0:00:00]} Nh5 {[%emt 0:02:50]} 26. f5 {[%emt 0:00:00]} Rd6 {[%emt 0:00:09]} 27. Qe2 {[%emt 0:00:00]} Nf4 {[%emt 0:03:59]} 28. Qg4 {[%emt 0:00:00]} Qg5 {[%emt 0:05:27]} 29. Be5 {[%emt 0:01:24]} Qxg4 {[%emt 0:00:00]} 30. hxg4 {[%emt 0:00:02]} Ne2+ {[%emt 0:08:48]} 31. Kf2 {[%emt 0:09:33]} Nxc1 {[%emt 0:00:00]} 32. Bxd6 {[%emt 0:00:03]} Rd8 {[%emt 0:00:00]} 33. Rxc1 {[%emt 0:01:29]} Rxd6 {[%emt 0:00:00]} 34. e5 {[%emt 0:00:07]} Rd7 {[%emt 0:00:22]} 35. Bxb7 {[%emt 0:00:18]} Rxb7 {[%emt 0:00:00]} 36. b4 {[%emt 0:00:18]} cxb4 {[%emt 0:00:00]} 37. Rc8+ {[%emt 0:00:13]} Kh7 {[%emt 0:00:00]} 38. axb4 {[%emt 0:00:04]} Ra7 {[%emt 0:00:00]} 39. Ke3 {[%emt 0:03:01]} a4 {[%emt 0:00:00]} 40. Rc2 {[%emt 0:00:00]} g6 {[%emt 0:00:00]} 41. d4 {[%emt 0:00:32]} h5 {[%emt 0:06:14]} 42. d5 {[%emt 0:12:16]} a3 {[%emt 0:05:03]} 43. d6 {[%emt 0:03:18]} Rd7 {[%emt 0:07:12]} 44. gxh5 {[%emt 0:01:50]} gxf5 {[%emt 0:01:50]} 45. Kf4 {[%emt 0:00:42]} f6 {[%emt 0:04:09]} 46. Kxf5 {[%emt 0:00:24]} fxe5 {[%emt 0:00:09]} 47. Ke4 {[%emt 0:00:46]} 1-0

[Event "VI Sunway Sitges Open 2019"]
[Site "Sitges"]
[Date "2019.12.16"]
[Round "4.25"]
[White "Ivanchuk, Vassily"]
[Black "Eggleston, David J"]
[Result "1-0"]
[WhiteElo "2690"]
[BlackElo "2404"]
[Annotator "TA"]
[PlyCount "83"]
[EventDate "2019.12.13"]
[EventType "swiss"]
[EventCountry "ESP"]
[SourceTitle "playchess.com"]
[Source "ChessBase"]
[SourceQuality "1"]

{[%evp 18,83,29,22,33,31,34,30,26,13,33,24,38,25,53,54,74,84,78,86,81,77,97,100,86,42,63,26,45,33,61,52,67,79,89,67,116,114,110,106,279,306,289,208,250,250,243,242,241,218,370,345,832,829,812,756,987,1024,1041,1037,1004,997,1016,1004,1258,1242,1880,1840]} 1. d4 e6 2. c4 Nf6 3. Nf3 Bb4+ 4. Bd2 Bxd2+ 5. Qxd2 b6 6. g3 Bb7 7. Bg2 O-O 8. O-O d5 9. cxd5 exd5 10. Nc3 Nbd7 {E16: Queen's Indian: 4 g3 Bb7 5 Bg2 Bb4+} 11. Rac1 Re8 12. Rfd1 c6 {White has an edge.} 13. b3 $146 {[%cal Bb2b3,Bb3b4][%mdl 32]} ({Predecessor:} 13. Qc2 Qe7 14. Nd2 Nf8 15. e4 dxe4 16. Ndxe4 Ne6 17. Qa4 Nxe4 18. Bxe4 {0-1 (38) Markus,R (2662)-Cori Tello,J (2609) Baku 2016}) 13... Rc8 14. e3 Qe7 15. Qb2 Rcd8 16. b4 b5 17. a4 a6 18. a5 g6 19. Nd2 h5 20. Re1 h4 21. Re2 hxg3 22. hxg3 Nf8 23. Nf3 Ne6 24. Rec2 Nd7 25. Ne2 Rc8 26. Bh3 Qd6 27. Kg2 Kg7 28. Rh1 f6 $2 (28... Rh8 $16) 29. Nh4 $18 ({Less strong is} 29. Bxe6 Qxe6 30. Rcc1 Rh8 $14) 29... Ndf8 30. Bf5 {[#] Strongly threatening Bxg6!} Kf7 31. Bd3 Rc7 32. Qb1 f5 {[#]} 33. g4 $1 {[%mdl 512]} f4 $2 (33... Ng7 {was called for.} 34. gxf5 gxf5) (33... fxg4 34. Nxg6) 34. Rcc1 {[%cal Rd3g6]} Ke7 $2 (34... Ng7 35. exf4 Rxe2) 35. Bxg6 {Nf5+ is the strong threat.White is clearly winning.} f3+ 36. Kxf3 Ng5+ 37. Kg2 {And now Nf5+ would win.} Bc8 38. Ng3 Kd8 39. Bxe8 Kxe8 40. Nhf5 Bxf5 41. Nxf5 Qg6 42. Rh6 {Accuracy: White = 84%, Black = 27%.} 1-0

[Event "VI Sunway Sitges Open 2019"]
[Site "Sitges"]
[Date "2019.12.16"]
[Round "4.26"]
[White "Maghsoodloo, Parham"]
[Black "Mendonca, Leon Luke"]
[Result "1-0"]
[WhiteElo "2690"]
[BlackElo "2398"]
[Annotator "TA"]
[PlyCount "93"]
[EventDate "2019.12.13"]
[EventType "swiss"]
[EventCountry "ESP"]
[SourceTitle "playchess.com"]
[Source "ChessBase"]
[SourceQuality "1"]

{[%evp 27,93,4,0,8,7,-20,-6,-16,-13,-16,0,-10,0,0,0,0,0,0,0,0,0,0,0,0,0,-25,-10,-20,-26,-26,-14,-16,0,0,0,0,14,0,0,0,0,0,0,0,303,304,466,252,470,462,466,428,448,443,405,300,520,502,652,634,611,580,728,699,29981,29982,29997,29998]} 1. c4 Nf6 2. Nf3 e6 3. g3 d5 4. Bg2 Be7 5. O-O O-O 6. b3 b6 7. Bb2 Bb7 8. e3 dxc4 9. bxc4 c5 10. Qe2 Nc6 11. Rd1 Qc7 12. Nc3 a6 13. Rab1 Rab8 14. Ba1 Rfd8 15. Ne1 {A14: English Opening: 1...e6 with b3 by White} Na7 16. g4 {[#]} (16. Bxb7 {keeps more tension.} Rxb7 17. f4 Nc6 18. Nf3 Ne8 19. Ne4) 16... Bxg2 $146 ({Predecessor:} 16... b5 17. g5 Ne8 18. Qg4 Nd6 19. cxb5 axb5 {1-0 (33) Maghsoodloo,P (2666)-Tiviakov,S (2610) Bandar e Anzali 2019}) 17. Nxg2 {The position is equal.} b5 18. cxb5 Nxb5 19. Nxb5 axb5 20. Bxf6 $1 Bxf6 21. Rxb5 Rxb5 22. Qxb5 h6 23. Ne1 Rb8 24. Qa6 Rb6 25. Qa5 Qd6 26. Rc1 Rb4 27. d4 cxd4 28. Nd3 $1 Rb8 {[#] Strongly threatening ...dxe3.} 29. e4 $1 e5 30. h3 Kh7 31. Kg2 Rb7 32. Rc5 Rb1 33. Qa4 Qe6 34. Rc6 Qe8 35. Qc4 Qa8 $2 {[%mdl 8192] [#]} (35... Rd1 $11 {and Black has nothing to worry.}) 36. Rxf6 $1 $18 {[%mdl 512]} gxf6 (36... Qxe4+ $142 37. Rf3 f6) 37. Qxf7+ {[%mdl 4160] Endgame Double Attack. KQR-KQN} Kh8 38. Qxf6+ {[%mdl 64] Double Attack} Kh7 39. Qf5+ Kh8 40. Qxe5+ Kh7 41. Qxd4 Qxa2 $2 (41... Rd1 {was called for.} 42. a4 Qc6) 42. Qd7+ Kg8 43. Qe8+ Kh7 44. Qe7+ Kg8 45. Ne5 h5 46. gxh5 Kh8 47. Ng6+ {Accuracy: White = 78%, Black = 49%.} 1-0

[Event "VI Sunway Sitges Open 2019"]
[Site "Sitges"]
[Date "2019.12.16"]
[Round "4.27"]
[White "Sasikiran, Krishnan"]
[Black "Nielsen, Rogvi Egilstoft"]
[Result "1-0"]
[WhiteElo "2656"]
[BlackElo "2387"]
[Annotator "TA"]
[PlyCount "87"]
[EventDate "2019.12.13"]
[EventType "swiss"]
[EventCountry "ESP"]
[SourceTitle "playchess.com"]
[Source "ChessBase"]
[SourceQuality "1"]

{[%evp 16,99,48,54,64,62,59,38,32,27,51,42,86,80,89,90,160,136,141,131,170,148,143,137,145,132,145,145,145,142,148,151,154,154,191,178,183,188,380,218,192,153,152,131,171,106,121,100,93,88,163,149,170,170,171,183,235,192,170,166,263,251,276,291,301,277,280,264,250,239,499,499,430,400,408,394,370,293,1423,1423,1087,974,808,752,708,511]} 1. e4 e5 2. Nf3 Nc6 3. Bb5 f5 4. d3 fxe4 5. dxe4 Nf6 6. O-O Bc5 7. Bxc6 bxc6 8. Nxe5 O-O 9. Nc3 d6 {C63: Ruy Lopez: Schliemann/Jaenisch Defence} 10. Nd3 (10. Na4 Qe8 11. Nd3 Bg4 12. Qe1 Bd4 13. c3 Bb6 14. Nxb6 axb6 15. c4 Be6 16. b3 b5 17. cxb5 Bxb3 {½-½ (51) Harikrishna,P (2729)-Nihal,S (2576) Kolkata 2018}) 10... Bd4 11. Qe1 Qe8 {White is slightly better.} 12. Be3 Bxc3 $1 13. Qxc3 Nxe4 14. Qc4+ d5 15. Qd4 Rf6 $146 (15... Qg6 $142) ({Predecessor:} 15... Qg6 16. Kh1 Nd6 17. Rae1 {½-½ (65) Sandhu,M (2130)-Zaitsev,M Vienna 1996}) 16. f3 Nd6 {And now ...Nf5 would win.} 17. Rfe1 Bf5 18. Bf2 Qf8 19. Ne5 Nf7 20. c4 Nxe5 21. Rxe5 dxc4 22. Qxc4+ Qf7 23. Qc5 Qg6 24. Rae1 {Strongly threatening Bd4.} Raf8 25. Qc4+ Kh8 26. Bc5 Bd3 $2 (26... Rg8 27. Bxa7 Bd3) 27. Qd4 (27. Qc3 $142 Rg8 28. R5e3) 27... Rg8 $18 {Black hopes to continue with ...Rxf3.} 28. Qe3 Bc4 29. Bd4 Rf5 30. Re4 ({Don't do} 30. Bxa7 Bxa2 31. Rxf5 Qxf5 $16) (30. Rxf5 $18 Qxf5 31. b3) 30... Rg5 $16 31. g4 Bd5 32. Rf4 $1 Bxa2 (32... Qh5 $16) 33. h4 $1 $18 {[%cal Rh4g5]} ({Much less strong is} 33. Bxa7 $6 Ra5 $14) 33... Rb5 {[#]} 34. Be5 $1 {[%mdl 1024] White has strong compensation.} Bd5 35. Rf5 Rb3 (35... Rb4 {was worth a try.}) 36. Bc3 Qd6 {[#] Threatens to win with ...Qg3+.} 37. Kg2 $1 Qg6 (37... h6 $142 38. Qxa7 Rbb8) 38. Rg5 Qc2+ 39. Re2 {Intending Bxg7+ and mate.} Rxc3 40. bxc3 Qd1 41. Re5 a5 42. Qd4 Qc1 $2 (42... Qxd4 43. cxd4 a4) 43. Re8 a4 {[#]} 44. Rxg8+ {Played: Re2-e7} 1-0

[Event "VI Sunway Sitges Open 2019"]
[Site "Sitges"]
[Date "2019.12.16"]
[Round "4.28"]
[White "Krishna Teja, N."]
[Black "Kovalenko, Igor"]
[Result "0-1"]
[WhiteElo "2383"]
[BlackElo "2647"]
[Annotator "TA"]
[PlyCount "58"]
[EventDate "2019.12.13"]
[EventType "swiss"]
[EventCountry "ESP"]
[SourceTitle "playchess.com"]
[Source "ChessBase"]
[SourceQuality "1"]

{[%evp 13,84,4,13,0,7,13,20,11,7,0,2,0,13,0,6,0,0,0,9,0,0,0,1,-19,0,0,0,-52,-54,-63,-24,-30,-28,-24,-21,-175,-195,-322,-351,-290,-325,-319,-271,-371,-376,-627,-592,-545,-448,-449,-448,-994,-989,-982,-982,-966,-980,-909,-915,-895,-830,-2395,-2330,-1344,-1389,-12844,-12835,-12837,-12832,-12840,-12840,-29990,-29991]} 1. Nf3 Nf6 2. c4 b6 3. g3 Bb7 4. Bg2 g6 5. b3 Bg7 6. Bb2 O-O 7. O-O e6 8. Nc3 {A15: English Opening: 1...Nf6} Qe7 9. d4 Ne4 $146 ({Predecessor:} 9... d5 10. Ne5 c5 11. dxc5 bxc5 12. Nd3 Na6 13. cxd5 exd5 14. Rc1 Rac8 15. Ba3 Ne4 {1-0 (41) Demuth,A (2510)-Paravyan,D (2627) Skopje 2019}) 10. Nxe4 {The position is equal.} Bxe4 11. Qd2 d6 12. Rac1 Nd7 13. Rfd1 f5 14. b4 Nf6 15. a4 Qe8 16. b5 a6 17. Ra1 h6 18. Ba3 axb5 19. axb5 g5 20. c5 (20. Bb2 $11) 20... Qxb5 {[%cal Rb6c5]} 21. cxd6 cxd6 22. Bxd6 Rxa1 23. Rxa1 Rc8 {...Rc2 is the strong threat.} 24. Qa2 $2 (24. Bf1 $11) 24... Bd5 $19 25. Qa7 {[#]} (25. Qb1 $142 Qxe2 26. Qe1) 25... Ra8 $1 {[%cal Ra8a7]} ({Inferior is} 25... Qxe2 26. Ne5 $15) 26. Qxa8+ Bxa8 27. Rxa8+ Kh7 28. Bf1 g4 29. Nd2 $2 (29. Ne1 Ne4 30. Bf4 Bxd4 31. Nd3) 29... Qc6 {Played: Qb5-d5} 0-1

[Event "VI Sunway Sitges Open 2019"]
[Site "Sitges"]
[Date "2019.12.16"]
[Round "4.29"]
[White "Mieles Palau, Daniel"]
[Black "Heimann, Andreas"]
[Result "0-1"]
[WhiteElo "2382"]
[BlackElo "2617"]
[Annotator "TA"]
[PlyCount "66"]
[EventDate "2019.12.13"]
[EventType "swiss"]
[EventCountry "ESP"]
[SourceTitle "playchess.com"]
[Source "ChessBase"]
[SourceQuality "1"]

{[%evp 9,66,0,-4,-13,-2,-10,0,-28,-20,-19,-17,-21,-14,-20,-8,-7,-16,-27,-20,-31,-25,-27,-26,-28,-16,-15,-12,-12,-12,-14,15,0,19,21,21,-36,-35,-54,-70,-92,-84,-87,-84,-166,-87,-119,-106,-370,-363,-334,-206,-788,-781,-983,-981,-960,-1019,-927,-910]} 1. c4 e5 2. Nc3 Bb4 3. g3 Bxc3 4. dxc3 Nc6 (4... d6 5. Bg2 Ne7 6. Nf3 Nbc6 7. c5 d5 8. b4 f6 9. Nd2 Be6 10. Nb3 Qc8 11. O-O Bh3 12. b5 Nd8 13. Bxh3 Qxh3 14. c6 bxc6 {½-½ (48) Zhao,J (2627)-Ni,H (2674) China 2019}) 5. e4 d6 6. Bg2 {A21: English Opening: 1...e5 2 Nc3} Nge7 7. Nf3 O-O 8. Nd2 {The position is equal.} Be6 9. b3 $146 ({Predecessor:} 9. O-O Qd7 10. Re1 Bh3 11. Bh1 Kh8 12. Nf1 f5 13. exf5 Qxf5 {½-½ (56) Barros Rivadeneira,C (2302)-Alvarez Pedraza,A (2476) Bogota 2014}) 9... Qd7 10. h3 Kh8 11. Nf1 f5 12. exf5 Rxf5 13. Ne3 Rf7 14. a4 Raf8 15. Ra2 a5 16. Nd5 Nb8 (16... b6 {is more complex.} 17. Re2 h6 18. Ne3 Nb8 19. Qc2 Nf5) 17. Bg5 Nxd5 18. cxd5 Bf5 19. Be3 Na6 20. Qe2 Nc5 21. Bxc5 $1 dxc5 22. Qc4 ({White should try} 22. Qe3 $11) 22... Bb1 $15 23. Re2 Qf5 24. Qxc5 Bd3 25. Rd2 {[#]} e4 $1 26. Kd1 {[#]} (26. Qd4 $17 {was worth a try.}) 26... c6 (26... Rd7 $1 $19 {[%cal Rd7d5]} 27. Kc1 b5) 27. Kc1 Qg5 {Threatens to win with ...Rxf2.} 28. Rhd1 $2 {[%mdl 8192]} (28. h4 $17 Qh6 29. Qe3 Qxe3 30. fxe3) 28... Rxf2 $1 $19 {Strongly threatening ...e3.} 29. h4 Qxd5 $40 {[%mdl 128] Black wants a kill.} 30. Qxf2 $2 (30. Qxd5 cxd5 31. Rxf2 Rxf2 32. Rd2) 30... Rxf2 {Black is clearly winning.} 31. Rxf2 {[#]} Qc5 $1 {[%mdl 576] Double Attack} 32. Rc2 Qa3+ {[%mdl 64] Double Attack} 33. Kd2 Qxb3 {Accuracy: White = 25%, Black = 62%.} 0-1

[Event "VI Sunway Sitges Open 2019"]
[Site "Sitges"]
[Date "2019.12.16"]
[Round "4.30"]
[White "Petrosyan, Manuel"]
[Black "Vaishali R"]
[Result "1-0"]
[WhiteElo "2613"]
[BlackElo "2376"]
[Annotator "TA"]
[PlyCount "75"]
[EventDate "2019.12.13"]
[EventType "swiss"]
[EventCountry "ESP"]
[SourceTitle "playchess.com"]
[Source "ChessBase"]
[SourceQuality "1"]

{[%evp 9,83,54,64,15,14,11,10,12,12,5,6,8,7,13,141,120,209,201,212,137,296,243,216,112,117,97,190,187,163,153,172,102,84,62,65,0,16,12,70,0,66,32,45,27,26,35,32,26,30,26,56,44,82,72,81,59,165,87,124,109,225,218,234,235,232,232,226,231,326,333,302,302,515,504,473,461]} 1. Nf3 Nf6 2. c4 g6 3. Nc3 Bg7 4. e4 e5 5. Nxe5 O-O 6. d3 $146 {A16: English Opening: 1...Nf6 with ...d5} ({Predecessor:} 6. Nf3 Re8 7. Bd3 Nxe4 8. Bxe4 Bxc3 9. dxc3 Rxe4+ 10. Be3 d6 11. c5 d5 12. h3 b6 {1-0 (29) So,W (2754)-Mamedyarov,S (2774) Zagreb 2019}) 6... Nxe4 7. dxe4 {Hoping for Nf3.} Bxe5 8. Bh6 {The position is equal.} Re8 9. Qd2 d6 10. O-O-O Nd7 11. h4 Nf8 (11... c6 $11 {remains equal.}) 12. h5 a6 (12... Bf6 $16 {keeps fighting.}) 13. hxg6 fxg6 14. Nd5 b5 $2 (14... Bf6 $16 {is a better defense.}) 15. Bg5 Qd7 16. Nf6+ (16. f4 $18 Bg7 17. f5 $1 {[%mdl 512]}) 16... Bxf6 $16 17. Bxf6 {Strongly threatening Qd5+.} Rb8 (17... Qf7 $16 {was necessary.} 18. Bc3 Rxe4) 18. f3 $18 Qf7 19. Bc3 Ne6 20. Rh4 (20. Kb1 $18) 20... Qe7 $16 21. g3 {Black must now prevent cxb5.} Qg5 $1 22. b3 (22. cxb5 $14 axb5 23. Be2) 22... b4 23. Ba1 Qxd2+ ({Black should play} 23... Qxg3 $11 24. Rg4 Qxf3) 24. Kxd2 ({Better is} 24. Rxd2 $14 Bd7 25. e5) 24... Nc5 (24... a5 $11) 25. Be2 Bb7 26. Rdh1 Re7 $1 27. Bf6 $36 {[%mdl 2048] White has good play.} Rd7 28. Bd4 Ne6 29. Be3 Rf8 30. Ra1 c6 31. Ke1 a5 32. Rd1 a4 {[#]} (32... c5 $14) 33. e5 ({Don't do} 33. bxa4 $6 c5 $16) (33. c5 $1 $18) 33... axb3 34. axb3 d5 (34... c5 $16) 35. cxd5 $18 {[%mdl 64] Discovered Attack} cxd5 36. Rxb4 d4 37. f4 Rfd8 38. Rb6 {Played: Be2-g4} 1-0

[Event "VI Sunway Sitges Open 2019"]
[Site "Sitges"]
[Date "2019.12.16"]
[Round "4.31"]
[White "Raja Rithvik R"]
[Black "Salgado Lopez, Ivan"]
[Result "0-1"]
[WhiteElo "2381"]
[BlackElo "2605"]
[Annotator "RC"]
[PlyCount "72"]
[EventDate "2019.12.13"]
[EventType "swiss"]
[EventCountry "ESP"]
[SourceTitle "playchess.com"]
[Source "ChessBase"]
[SourceQuality "1"]
[TimeControl "40/5400+30:1800+30"]

1. d4 {[%emt 0:00:00]} e6 {[%emt 0:00:00]} 2. c4 {[%emt 0:00:00]} a6 {[%emt 0:01:32]} 3. Nc3 {[%emt 0:06:58]} d5 {[%emt 0:00:21]} 4. cxd5 {[%emt 0:01:20]} exd5 {[%emt 0:00:16]} 5. Nf3 {[%emt 0:00:14]} Nf6 {[%emt 0:00:26]} 6. Bg5 {[%emt 0:03:21]} Be6 {[%emt 0:00:09]} 7. Bxf6 {[%emt 0:00:55]} Qxf6 {[%emt 0:00:07]} 8. Qb3 {[%emt 0:00:08]} Ra7 {[%emt 0:00:05]} 9. g3 {[%emt 0:05:40]} Qd8 {[%emt 0:00:25]} 10. Bg2 {[%emt 0:00:28]} Be7 {[%emt 0:00:18]} 11. O-O {[%emt 0:01:48]} c6 {[%emt 0:03:59]} 12. Qc2 {[%emt 0:07:25]} O-O {[%emt 0:02:58]} 13. Ne5 {[%emt 0:02:35]} Re8 {[%emt 0:02:59]} 14. e3 {[%emt 0:01:11]} Bf8 {[%emt 0:02:14]} 15. Rac1 {[%emt 0:01:39]} Nd7 {[%emt 0:09:55]} 16. Nxd7 {[%emt 0:14:38]} Bxd7 {[%emt 0:01:55]} 17. Na4 {[%emt 0:05:15]} h5 {[%emt 0:01:28]} 18. Nc5 {[%emt 0:02:55]} Bc8 {[%emt 0:00:51]} 19. Rfe1 {[%emt 0:06:41]} h4 {[%emt 0:02:32]} 20. e4 {[%emt 0:02:18]} h3 {[%emt 0:00:57]} 21. Bh1 {[%emt 0:00:38]} dxe4 {[%emt 0:03:52]} 22. Bxe4 {[%emt 0:01:10]} Re7 {[%emt 0:06:41]} 23. Rcd1 {[%emt 0:05:16]} Ra8 {[%emt 0:06:30]} 24. Qb3 {[%emt 0:05:34]} Bg4 {[%emt 0:04:45]} 25. Rd3 {[%emt 0:04:31]} Rb8 {[%emt 0:09:15]} 26. Ree3 {[%emt 0:01:58]} Qd6 {[%emt 0:01:23]} 27. Qc4 {[%emt 0:04:56]} Qf6 {[%emt 0:07:58]} 28. d5 {[%emt 0:06:21]} Qxb2 {[%emt 0:03:13]} 29. Rb3 {[%emt 0:00:53]} cxd5 {[%emt 0:03:21]} 30. Rxb2 {[%emt 0:05:15]} dxc4 {[%emt 0:00:34]} 31. f3 {[%emt 0:00:25]} Rc8 {[%emt 0:06:48]} 32. Nxb7 {[%emt 0:02:21]} Be6 {[%emt 0:00:49]} 33. Na5 {[%emt 0:00:54]} Rd7 {[%emt 0:00:47]} 34. Kf1 {[%emt 0:00:33]} Bc5 {[%emt 0:06:05]} 35. Re1 {[%emt 0:00:21]} c3 {[%emt 0:00:25]} 36. Rc2 {[%emt 0:00:32]} Bb6 {[%emt 0:00:25]} 0-1